000 00425nam a2200181Ia 4500
005 20250423094620.0
008 250422s9999 xx 000 0 und d
020 _a978-0-515-13925-9
050 _aPS 3553 .O843 B59/
100 _aCoulter, Catherine
245 0 _aBlowout : an FBI thriller
260 _aNew York
260 _bJova Books
260 _c2004
300 _a356 p
650 _aLiterature
942 _cBK
999 _c27774
_d27774